Nenechte sebou manipulovat! jak rozpoznat manipulaci a prosadit svou vůli

Na minha lista:
Detalhes bibliográficos
Autor principal: Edmüller, Andreas
Outros Autores: Wilhelm, Thomas, Kunst, Petr
Formato: Livro
Idioma:tcheco
Publicado em: Praha Grada Publishing 2003
Colecção:Poradce pro praxi
Assuntos:
Tags: Adicionar Tag
Sem tags, seja o primeiro a adicionar uma tag!

MARC

LEADER 00000nam$a2200000$$$4500
001 0002199
005 20240313133254.6
020 |a 80-247-0410-2 
041 0 |a cze 
044 |a CZ 
245 1 0 |a Nenechte sebou manipulovat!  |b jak rozpoznat manipulaci a prosadit svou vůli  |c Andreas Edmüller, Thomas Wilhelm ; přeložil Petr Kunst 
264 1 |a Praha  |b Grada Publishing  |c 2003 
300 |a 108 s. 
490 1 |a Poradce pro praxi 
830 0 |a Poradce pro praxi 
610 2 0 |a psychológia 
610 2 0 |a správanie 
610 2 0 |a prejavy 
610 2 0 |a sebakontrola 
610 2 0 |a sebapoznanie 
100 1 |a Edmüller, Andreas 
700 1 |a Wilhelm, Thomas 
700 1 |a Kunst, Petr